Paroles Bouse-Invisible - Statistiques

Statistiques générales
  • Ce quiz a été pris 3 fois
  • Le résultat moyen est 284 sur 405
Statistiques - réponses
Réponse % Correct
à
100%
a
100%
aboient
100%
boy
100%
c'est
100%
C'est
100%
chaque
100%
chez
100%
dalle
100%
dans
100%
Dans
100%
d'chez
100%
de
100%
des
100%
d'espoir
100%
deux
100%
die
100%
dormi
100%
du
100%
grand
100%
ils
100%
Ils
100%
j'ai
100%
J'ai
100%
j'fuis
100%
j'pense
100%
j'sors
100%
la
100%
100%
La
100%
l'bail
100%
le
100%
les
100%
Les
100%
life
100%
ma
100%
m'a
100%
maille
100%
me
100%
m'en
100%
moi
100%
mon
100%
mordent
100%
Oh
100%
on
100%
ont
100%
Ouais
100%
pas
100%
pieds
100%
prends
100%
quand
100%
quand `
100%
rafale
100%
rue
100%
si
100%
Si
100%
suis
100%
t'relèves
100%
trop
100%
Tu
100%
tu
100%
vie
100%
affolant
50%
aime
50%
aller
50%
alors
50%
anneaux
50%
balle
50%
bats
50%
bénéf
50%
beuh
50%
bord
50%
ça
50%
calé
50%
capable
50%
car
50%
Cercle
50%
c'était
50%
charbonne
50%
content
50%
contents
50%
cool
50%
couilles
50%
c'qu'ils
50%
crasses
50%
critiques
50%
croire
50%
croyait
50%
danger
50%
d'dek
50%
d'hollande
50%
elle
50%
en
50%
faut
50%
Faut
50%
flingue
50%
fois
50%
fric
50%
full
50%
ie-v
50%
invisible
50%
J'aime
50%
j'avais
50%
j'casse
50%
je
50%
j'envoie
50%
j'fais
50%
j'fume
50%
j'inhale
50%
j'men
50%
j'remonte
50%
j'rentre
50%
J'suis
50%
j'vois
50%
J'vois
50%
L'argent
50%
l'argent
50%
l'image
50%
l'Nani
50%
l'quatre
50%
mais
50%
mal
50%
m'dois
50%
mêmes
50%
mes
50%
met
50%
mi-fa
50%
mode
50%
Mode
50%
nage
50%
night
50%
nous
50%
papier
50%
parle
50%
parler
50%
pay
50%
pêches
50%
peut
50%
pour
50%
pris
50%
que
50%
Qu'est-ce
50%
qu'j'm'émancipe
50%
qu'j'remplisse
50%
remplir
50%
rend
50%
reufs
50%
riche
50%
sale
50%
sapes
50%
s'emballer
50%
s'en
50%
sère-mi
50%
Solo
50%
sont
50%
sort
50%
suce
50%
suis-moi
50%
Suis-moi
50%
sur
50%
ta
50%
T'as
50%
tellement
50%
t'es
50%
t'évolues
50%
t'font
50%
tho-my
50%
tout
50%
toute
50%
valise
50%
vallée
50%
vicieux
50%
vient
50%
vit
50%
voulaient
50%
vraies
50%
vraiment
50%
vu
50%
Y
50%
zone
50%
bons
0%
d'abord
0%
d'accord
0%
est
0%
fou
0%
j'deviens
0%
J'les
0%
l'heure
0%
l'mal
0%
long
0%
lourd
0%
l'pied
0%
l'temps
0%
mets
0%
mise
0%
partout
0%
relance
0%
vingt
0%
vrais
0%
Aucun quiz correspondant
Distribution des résultats
% des personnes avec chaque résultat
Percentile par nombre de réponses
Votre historique - résultats
Vous n’avez pas pris ce quiz